AN AMBASSADOR OF PEACE (Record no. 552955)
[ view plain ]
| 000 -LEADER | |
|---|---|
| fixed length control field | 00363nam a22001337a 4500 |
| 082 ## - DEWEY DECIMAL CLASSIFICATION NUMBER | |
| Classification number | 943.085 |
| Author Mark | DAB |
| -- | D |
| 100 ## - MAIN ENTRY--PERSONAL NAME | |
| Personal name | D" Abernon viscount |
| 9 (RLIN) | 50230 |
| 245 ## - TITLE STATEMENT | |
| Title | AN AMBASSADOR OF PEACE |
| Statement of responsibility, etc. | viscount D" Abernon |
| 260 ## - PUBLICATION, DISTRIBUTION, ETC. | |
| Place of publication, distribution, etc. | hoddetr and stoughton |
| Name of publisher, distributor, etc. | london |
| 300 ## - PHYSICAL DESCRIPTION | |
| Extent | 332 p;:w |
| 526 ## - STUDY PROGRAM INFORMATION NOTE | |
| Program name | 0 |
| Interest level | 0 |
| Reading level | 0 |
| Title point value | 943_085000000000000_DAB |
| 650 ## - SUBJECT ADDED ENTRY--TOPICAL TERM | |
| Topical term or geographic name entry element | MCE |
| 9 (RLIN) | 379 |
| 942 ## - ADDED ENTRY ELEMENTS (KOHA) | |
| Source of classification or shelving scheme | |
| Koha item type | Book |
| Withdrawn status | Lost status | Source of classification or shelving scheme | Damaged status | Not for loan | Permanent Location | Current Location | Shelving location | Date acquired | Total Checkouts | Full call number | Barcode | Date last seen | Price effective from | Koha item type |
|---|---|---|---|---|---|---|---|---|---|---|---|---|---|---|
| Military College of Engineering (MCE) | Military College of Engineering (MCE) | 01/27/2015 | 943.085 DAB | MCE-ECA/46 | 01/27/2015 | 01/27/2015 | Book |
